The child's conception of the world

Αποθηκεύτηκε σε:
Λεπτομέρειες βιβλιογραφικής εγγραφής
Κύριος συγγραφέας: Piaget, Jean, 1896-1980
Άλλοι συγγραφείς: Tomlinson, Joan (trlf), Tomlinson, Andrew (Μεταφραστής)
Μορφή: Βιβλίο
Γλώσσα:English
French
Δημοσίευση: Maryland : Littlefield Adams Quality Paperbacks, 1951.
Σειρά:International library of psychology, philosophy, and scientific method
Θέματα:
Ετικέτες: Προσθήκη ετικέτας
Δεν υπάρχουν, Καταχωρήστε ετικέτα πρώτοι!

MARC

LEADER 00000cam a2200000 i 4500
001 1/100719
008 950829s1951 enk| ||| |||| ||eng||
020 |a 082260213X 
035 |a 1993  |b 3  |c Ανθουλιάς  |l 10011810 
040 |a GR-MyUa  |b gre  |e AACR2 
041 1 |a eng  |h fre 
082 7 |a 155.413   |2 (22) 
100 1 |a Piaget, Jean,   |d 1896-1980. 
245 1 4 |a The child's conception of the world /   |c Jean Piaget ; translated by Joan and Andrew Tomlinson.  
260 |a Maryland :   |b Littlefield Adams Quality Paperbacks,   |c 1951.  
300 |a ix, 397 σ. :   |b εικ. ;   |c 23 εκ.  
490 1 |a (International library of psychology, philosophy and scientific method)  
650 0 |a Child psychology. 
650 0 |a Imagery (Psychology) in children  |x Congresses. 
650 0 |a Drawing ability in children  |x Congresses. 
700 1 |a Tomlinson, Joan,  |e trlf 
700 1 |a Tomlinson, Andrew,  |e trl 
765 0 8 |i Μετάφραση του:   |t La representation du monde chez l'enfant /  
830 0 |a International library of psychology, philosophy, and scientific method 
852 |a INST  |b LESVOS  |e 19950829  |h 155.413 PIA  |p 005100007355  |q 005100007355  |t BK  |y 0 
852 |a INST  |b RHODES  |e 19970827  |h 155.413 PIA  |p 005400009841  |q 005400009841  |t BK  |y 0